Noi, i ragazzi dello zoo di Berlino /

Guardat en:
Dades bibliogràfiques
Format: Llibre
Idioma:italià
Publicat: Milano : Rizzoli, 1981
Edició:3
Etiquetes: Afegir etiqueta
Sense etiquetes, Sigues el primer a etiquetar aquest registre!

MARC

LEADER 00000nam a22000007i 4500
001 IT\ICCU\IEI\0470226
003 ItRI
005 20241231115747.0
008 170323s1981 it |||||| ||||| |||||c
040 |b ita  |c Arcigay Rimini 
041 7 |a ita  |2 ISO-639-2 
245 0 0 |a Noi, i ragazzi dello zoo di Berlino /  |c Christiane F. ; a cura di Kai Hermann e Horst Rieck. 
250 |a 3 
260 |a Milano :  |b Rizzoli,  |c 1981 
300 |a 257 p. ;  |c 21 cm 
942 |2 ddc  |c BK 
952 |0 0  |1 0  |2 ddc  |4 0  |6 832_900000000000000_CHR_NOI  |7 1  |9 2581  |a RN  |b RN  |d 2024-12-31  |l 0  |o 832.9 CHR NOI  |p 10025  |r 2024-12-31 11:59:00  |w 2024-12-31  |y BK 
981 1 |6 z01  |a i   |b xxxe  
982 1 |6 z01  |a n 
999 |c 2239  |d 2239